Les lignes de bus du réseau Paris-Saclay - Statistiques

Statistiques générales
  • Ce quiz a été pris 5 fois
  • Le résultat moyen est 27 sur 65
Statistiques - réponses
Ligne Terminus % Correct
4606 Christ de Saclay / Gare du Guichet
80%
4610 Christ de Saclay / Martin Luther King - Lycée Franco-Allemand
80%
4602 Centre Commercial Ulis 2
60%
4603 Centre Commercial Ulis 2
60%
4604 Centre Commercial Ulis 2
60%
4609 Centre Commercial Ulis 2
60%
4612 Centre Commercial Ulis 2
60%
4621 Centre Commercial Ulis 2
60%
4627 Centre Commercial Ulis 2
60%
4606 Gare de Massy-Palaiseau
60%
4613 Gare de Massy-Palaiseau
60%
4614 Gare de Massy-Palaiseau
60%
4615 Gare de Massy-Palaiseau
60%
4621 Gare de Massy-Palaiseau
60%
4622 Gare de Massy-Palaiseau
60%
4641 Gare de Massy-Palaiseau
60%
4642 Gare de Massy-Palaiseau
60%
4643 Gare de Massy-Palaiseau
60%
4644 Gare de Massy-Palaiseau
60%
9160 Gare de Massy-Palaiseau
60%
4602 Gare de Massy-Palaiseau
60%
4605 Gare d'Orsay-Ville
60%
4608 Gare d'Orsay-Ville
60%
4601 Gare d'Orsay-Ville
60%
4603 Gare d'Orsay-Ville
60%
4666 Gare d'Orsay-Ville
60%
4627 Polytechnique - Vauve
60%
9105 Polytechnique - Vauve
60%
9108 Polytechnique - Vauve
60%
4614 Polytechnique - Vauve
60%
4610 Gare de Gif-sur-Yvette
40%
4611 Gare de Gif-sur-Yvette
40%
4609 Gare de Jouy-en-Josas / Campus HEC
40%
4619 Gare de Lozère
40%
4618 Gare de Palaiseau-Villebon
40%
9105 Gare d'Evry-Courcouronnes
40%
4617 Gare du Guichet
40%
4615 Vélizy 2
40%
9108 Vélizy 2
40%
9160 Vélizy - Europe Sud
40%
4604 8 mai 1945
20%
4626 Campus Vallée
20%
4618 Centre Commercial Villebon 2
20%
4619 Centre Commercial Villebon 2
20%
4608 Châteaufort / Bois Persan
20%
4665 Chêne Rond
20%
4666 Chêne Rond
20%
4605 Chêne Rond
20%
4612 Gare de Courcelle - Lycée de la Vallée
20%
4613 Gare de Gravigny-Balizy
20%
4634 Gare d'Epinay-sur-Orge
20%
4636 Gare d'Epinay-sur-Orge
20%
4617 Gare d'Epinay-sur-Orge
20%
4601 Gare d'Igny
20%
4616 Gare d'Igny
20%
4626 Gare d'Orsay-Ville - L'Yvette
20%
4607 Gare d'Orsay-Ville - L'Yvette
20%
4644 Laboratoires
20%
4607 Plateau de Moulon -Corbeville
20%
4616 Razel
20%
4641 Sainte-Geneviève-des-Bois - Piscine
20%
4642 Sainte-Geneviève-des-Bois - Piscine
20%
4643 Sainte-Geneviève-des-Bois - Piscine
20%
4665 Essouriau
0%
4611 Parc Orsay Université
0%
Aucun quiz correspondant
Distribution des résultats
% des personnes avec chaque résultat
Percentile par nombre de réponses
Votre historique - résultats
Vous n’avez pas pris ce quiz